AEW Worlds End 2024 Card - Statistics

General Stats
  • This quiz has been taken 30 times
  • The average score is 20 of 28
Answer Stats
Answer % Correct
Jon Moxley
100%
Kazuchika Okada
100%
Mariah May
100%
Mercedes Moné
100%
MJF
100%
Ricochet
100%
Will Ospreay
100%
Adam Page
96%
Jay White
96%
Konosuke Takeshita
96%
Kris Statlander
96%
Kyle Fletcher
96%
Orange Cassidy
96%
Thunder Rosa
92%
Adam Cole
88%
Powerhouse Hobbs
67%
Toni Storm
58%
Brian Cage
50%
Action Andretti
46%
Dante Martin
46%
Darius Martin
46%
Lio Rush
46%
Lance Archer
42%
Truth Magnum
38%
Turbo Floyd
38%
Leila Grey
33%
Jeff Jarrett
29%
QT Marshall
25%
No matching quizzes found
Score Distribution
Percent of People with Each Score
Percentile by Number Answered
Your Score History
You have not taken this quiz